|
|
|
|
| LEADER |
01707nam a2200337 a 4500 |
| 001 |
GR-Patra25299 |
| 008 |
080422s1998 mau g 000 0 eng d |
| 020 |
|
|
|a 0071188312
|
| 040 |
|
|
|a GrPaTEI
|b gre
|c GR-PaULI
|
| 040 |
|
|
|a GrPaTEI
|b gre
|c GR-PaULI
|
| 082 |
|
0 |
|a 330.015195
|2 21
|
| 100 |
1 |
|
|a Pindyck, Robert S.
|
| 245 |
1 |
0 |
|a Econometric models and economic forecasts /
|c Robert S. Pindyck, Daniel L. Rubinfeld.
|
| 250 |
|
|
|a 4th ed.
|
| 260 |
|
|
|a Boston :
|b Irwin :
|b McGraw-Hill,
|c c1998
|
| 300 |
|
|
|a xx, 634 σ. :
|b εικ., πίν. +
|e 1 disk
|
| 490 |
0 |
|
|a McGraw-Hill Economic series
|
| 500 |
|
|
|a Περιλαμβάνει ευρετήριο.
|
| 610 |
2 |
4 |
|a Παράρτημα Αμαλιάδος.
|b Τμήμα Εφαρμογών Πληροφορικής στη Διοίκηση και την Οικονομία
|
| 650 |
|
0 |
|a Econometrics
|
| 650 |
|
0 |
|a Economic forecasting
|x Economic models
|
| 650 |
|
4 |
|a Οικονομετρία
|
| 700 |
1 |
|
|a Rubinfeld, Daniel L.
|
| 710 |
0 |
|
|a Irwin
|
| 710 |
0 |
|
|a McGraw-Hill
|
| 942 |
|
|
|2 ddc
|
| 952 |
|
|
|0 0
|1 0
|2 ddc
|4 0
|6 330_015195000000000_PIN
|7 0
|9 306982
|a LISK
|b LISK
|c BSC
|d 2021-01-17
|e 24
|f 0
|g 0.00
|l 0
|o 330.015195 PIN
|p 92410039357
|r 2021-01-17 00:00:00
|t 1
|w 2021-01-17
|y BK15
|x 20080422 0 1
|x GrPaTEI
|
| 952 |
|
|
|0 0
|1 0
|2 ddc
|4 0
|6 330_015195000000000_PIN
|7 0
|9 306983
|a LISK
|b LISK
|c BSC
|d 2021-01-17
|e 24
|f 0
|g 0.00
|l 0
|o 330.015195 PIN
|p 92410039358
|r 2021-01-17 00:00:00
|t 1
|w 2021-01-17
|y BK15
|x 20080422 0 1
|x GrPaTEI
|
| 952 |
|
|
|0 0
|1 0
|2 ddc
|4 0
|6 330_015195000000000_PIN
|7 1
|9 306984
|a LISK
|b LISK
|c BSC
|d 2021-01-17
|e 24
|f 0
|g 0.00
|l 0
|o 330.015195 PIN
|p 92410039359
|r 2021-01-17 00:00:00
|t 1
|w 2021-01-17
|y BKN
|x 20080422 0 0
|x GrPaTEI
|
| 971 |
|
|
|a .b26728710
|b 15-04-20
|c 26-09-16
|
| 999 |
|
|
|c 177267
|d 177267
|